000 00468pab a2200169 454500
008 180718b2002 xxu||||| |||| 00| 0 eng d
100 _aAhlawat, S.R.
245 _aPolitical economy and the peasant suicide - a case of Haryana state
260 _c2002
300 _ap.1-17.
362 _aApr
650 _aSuicide - India - Haryana
650 _aPeasantry - India - Haryana
650 _aPeasantry
773 _aGuru Nanak Journal of Sociology
909 _a57461
999 _c57461
_d57461